High quality house building pledge (Record no. 72494)

MARC details
000 -LEADER
fixed length control field 01169cam a2200217 4500
001 - CONTROL NUMBER
control field WB3915-10
008 - FIXED-LENGTH DATA ELEMENTS--GENERAL INFORMATION
fixed length control field 030415n2003 000 0 eng u
035 ## - SYSTEM CONTROL NUMBER
System control number (Sirsi) u121990
245 ## - TITLE STATEMENT
Title High quality house building pledge
260 ## - PUBLICATION, DISTRIBUTION, ETC.
Date of publication, distribution, etc. 2003
490 ## - SERIES STATEMENT
Series statement CABE Press Release
Volume/sequential designation 7 April 2003 (3)
520 ## - SUMMARY, ETC.
Summary, etc. Building for Life, a joint initiative between CABE, HBF and the Civic Trust, has launched a manifesto committing house builders to high quality housing schemes that complement and enhance local character and to setting a new standard for the industry. It promotes change within the house building industry and is a timely statement of purpose following on the government's recent communities plan The manifesto is available at http://www.buildingforlife.org/nvFVNF-pfkl=0j0M04Py0ow/resources.html. http://www.cabe.org.uk/Fl7xI6RC-W6=b793MrrXRFg/news/press/press_release.html?press_release_id=225
590 ## - LOCAL NOTE (RLIN)
Local note WB
650 ## - SUBJECT ADDED ENTRY--TOPICAL TERM
Topical term or geographic name entry element SUSTAINABLE COMMUNITIES: BUILDING FOR THE FUTURE
650 ## - SUBJECT ADDED ENTRY--TOPICAL TERM
Topical term or geographic name entry element HOUSE BUILDING
650 ## - SUBJECT ADDED ENTRY--TOPICAL TERM
Topical term or geographic name entry element QUALITY BUILDINGS
650 ## - SUBJECT ADDED ENTRY--TOPICAL TERM
Topical term or geographic name entry element PROCUREMENT PROCESS
650 ## - SUBJECT ADDED ENTRY--TOPICAL TERM
Topical term or geographic name entry element DESIGN QUALITY
690 ## - LOCAL SUBJECT ADDED ENTRY--TOPICAL TERM (OCLC, RLIN)
Topical term or geographic name as entry element HOUSING-DEVELOPMENT
942 ## - ADDED ENTRY ELEMENTS (KOHA)
Suppress in OPAC 0
Holdings
Withdrawn status Lost status Source of classification or shelving scheme Damaged status Not for loan Home library Current library Shelving location Date acquired Total Checkouts Full call number Barcode Date last seen Copy number Price effective from Koha item type
    Dewey Decimal Classification     London London News article 15/04/2003   WB3915-10 121990-1001 06/08/2019 1 06/08/2019 News article